100 ហេតុការណ៍នៃប្រវត្តិសាស្រ្តពិភពលោក / (Record no. 1724)
[ view plain ]
| 000 -LEADER | |
|---|---|
| fixed length control field | 02558nam a22003377a 4500 |
| 001 - CONTROL NUMBER | |
| control field | 1724 |
| 003 - CONTROL NUMBER IDENTIFIER | |
| control field | FISKH |
| 005 - DATE AND TIME OF LATEST TRANSACTION | |
| control field | 20231003161202.0 |
| 008 - FIXED-LENGTH DATA ELEMENTS--GENERAL INFORMATION | |
| fixed length control field | 230920b cb ||||| |||| 00| 0 khr d |
| 020 ## - INTERNATIONAL STANDARD BOOK NUMBER | |
| International Standard Book Number | 9789924341253 |
| 040 ## - CATALOGING SOURCE | |
| Original cataloging agency | FISKH |
| Language of cataloging | eng |
| Transcribing agency | FISKH |
| Modifying agency | FISKH |
| 082 ## - DEWEY DECIMAL CLASSIFICATION NUMBER | |
| Classification number | 902 |
| 100 ## - MAIN ENTRY--PERSONAL NAME | |
| Personal name | Yeong, Ye |
| 245 ## - TITLE STATEMENT | |
| Title | 100 ហេតុការណ៍នៃប្រវត្តិសាស្រ្តពិភពលោក / |
| Remainder of title | ពីភាពរុងរឿងនៃចក្រភពប៊ីសង់តាំង រហូតដល់ការបង្កើតរាជ្យវង្សយ័ន : |
| Statement of responsibility, etc. | និពន្ធដោយ យេ យ៉ង, ស៊ីន ជេហ្វាន់ និង ឆាន់ ដុងហូ - គូររូបដោយ ស៊ីន ជេហ្វាន់ និង ឆង់ ដុហូ - បកប្រែពីភាសាកូរ៉េដោយ ទូច វណ្ដា |
| 260 ## - PUBLICATION, DISTRIBUTION, ETC. | |
| Place of publication, distribution, etc. | Phnom Penh : |
| Name of publisher, distributor, etc. | Sipar, |
| Date of publication, distribution, etc. | 2021. |
| 300 ## - PHYSICAL DESCRIPTION | |
| Extent | 111 pages : |
| Other physical details | color illustrations ; |
| Dimensions | 23 cm |
| 490 ## - SERIES STATEMENT | |
| Series statement | ខ្ញុំចង់ដឹង |
| Volume/sequential designation | 3 |
| 505 ## - FORMATTED CONTENTS NOTE | |
| Formatted contents note | Z'<br/> |
| 520 ## - SUMMARY, ETC. | |
| Summary, etc. | នៅក្នុងផ្នែកទី 3 នៃរូបភាពថ្លុកកំប្លែងនេះ មិត្តអ្នកអាននឹងបានស្គាល់ពីកូដទីមួយដែលបង្កើតឡើងដោយចក្រភពរ៉ូម នយោបាយរបស់អធិរាជជាច្រើននៃប្រទេសចិន កំណើតនៃសាសនាឥស្លាម ប្រព័ន្ធសក្តិភូមិនៅអឺរ៉ុប ព្រមទាំងសង្រ្គាមសាសនាដែលបានកើតឡើងនៅមជ្ឈិមសម័យ អឺរ៉ុប។ |
| 520 ## - SUMMARY, ETC. | |
| Summary, etc. | In this 3rd part of the series, the readers will get to know the first code established by the Roman Empire, the politics of many emperors of China, the birth of Islam, the feudal system in Europe, as well as the religious war that took place in medieval Europe. |
| 521 8# - TARGET AUDIENCE NOTE | |
| Target audience note | 1060<br/> |
| Source | Lexile estimate<br/> |
| 521 8# - TARGET AUDIENCE NOTE | |
| Target audience note | Z'<br/> |
| Source | Raz-Plus<br/> |
| 650 ## - SUBJECT ADDED ENTRY--TOPICAL TERM | |
| Topical term or geographic name entry element | កូដទីមួយ |
| Form subdivision | ចក្រភពរ៉ូម |
| General subdivision | ប្រព័ន្ធសក្តិភូមិ |
| 650 ## - SUBJECT ADDED ENTRY--TOPICAL TERM | |
| Topical term or geographic name entry element | First code |
| Form subdivision | Roman empire |
| General subdivision | Feudal system |
| 700 ## - ADDED ENTRY--PERSONAL NAME | |
| Personal name | Jae-hwan, shin |
| Relator term | Author |
| 700 ## - ADDED ENTRY--PERSONAL NAME | |
| Personal name | Dong-ho, Jeong |
| Relator term | Author |
| 700 ## - ADDED ENTRY--PERSONAL NAME | |
| Personal name | Jae-hwan, shin |
| Relator term | illustrator |
| 700 ## - ADDED ENTRY--PERSONAL NAME | |
| Personal name | Dong-ho, Jeong |
| Relator term | illustrator |
| 700 ## - ADDED ENTRY--PERSONAL NAME | |
| Personal name | Vanda, Touch |
| Relator term | Translator |
| 942 ## - ADDED ENTRY ELEMENTS (KOHA) | |
| Source of classification or shelving scheme | Dewey Decimal Classification |
| Koha item type | Khmer Books |
| Suppress in OPAC | No |
| Withdrawn status | Lost status | Source of classification or shelving scheme | Damaged status | Not for loan | Collection | Home library | Current library | Shelving location | Date acquired | Total Checkouts | Full call number | Barcode | Date last seen | Copy number | Price effective from | Koha item type |
|---|---|---|---|---|---|---|---|---|---|---|---|---|---|---|---|---|
| Dewey Decimal Classification | Khmer Non-Fiction / សៀវភៅខ្មែរ រឿងពិត | Footprints International School Library Network Toul Kork Campus | Footprints International School Library Network Toul Kork Campus | 09/20/2023 | YEO 902 | 2023-0677 | 09/20/2023 | 1 | 09/20/2023 | Khmer Books | ||||||
| Dewey Decimal Classification | Khmer Non-Fiction / សៀវភៅខ្មែរ រឿងពិត | Footprints International School Library Network Toul Kork Campus | Footprints International School Library Network Toul Kork Campus | 09/20/2023 | YEO 902 | 2023-0678 | 09/20/2023 | 2 | 09/20/2023 | Khmer Books |
